000
00303nam a22001337a 4500
008
170201b xxu||||| |||| 00| 0 eng d
020
_a
05531104454
041
_a
eng
080
_a
61
100
_a
3
101
_a
SHM
245
_a
CARING FOR YOUR BABY AND YOUNG CHILD
_c
BAYS .JUDITH
942
_2
udc
_c
BK
999
_c
4212
_d
4212